[Event "Adelaide Lidums YM-B"]
[Site "Adelaide"]
[Date "2013.12.11"]
[Round "8"]
[White "Han, Eddie"]
[Black "Bishop, Joshua"]
[Result "0-1"]
[WhiteElo "1694"]
[BlackElo "1876"]
[PlyCount "84"]
[EventDate "2013.12.08"]
[EventType "tourn"]
[EventRounds "9"]
[EventCountry "AUS"]
[SourceTitle "CBM 157 Extra"]
[Source "ChessBase"]
[SourceDate "2013.12.19"]
[SourceVersion "1"]
[SourceVersionDate "2013.12.19"]
[SourceQuality "1"]

1. e4 c5 2. c3 d5 3. exd5 Qxd5 4. d4 Nf6 5. Nf3 Nc6 6. Be3 cxd4 7. cxd4 e6 8. Nc3 Bb4 9. Bd3 0-0 10. 0-0 Qd6 11. Qc2 h6 12. Rfd1 Bd7 13. Nb5 Qb8 14. Rac1 a6 15. Nc3 Bd6 16. a3 Ne7 17. Ne4 Nxe4 18. Bxe4 Nd5 19. Bxd5 exd5 20. Qb3 Bc6 21. Bd2 Re8 22. Re1 Qc7 23. Nh4 Bxh2+ 24. Kh1 Bf4 25. Qd3 Rxe1+ 26. Rxe1 Bb5 27. Qc3 Qxc3 28. Bxc3 Re8 29. Rxe8+ Bxe8 30. g3 Bc7 31. Nf5 Bc6 32. Kg2 Kh7 33. Bd2 Kg6 34. g4 Kf6 35. f3 Bb5 36. Kf2 Bd3 37. Ng3 g5 38. Be1 Ke6 39. Ke3 Bg6 40. Bb4 Bxg3 41. Bf8 Bf4+ 42. Kf2 h5 0-1

[Event "Doeberl Cup Premier 51st"]
[Site "Canberra"]
[Date "2013.03.30"]
[Round "5"]
[White "Bishop, Joshua"]
[Black "Williams, Bruce"]
[Result "1-0"]
[WhiteElo "1861"]
[BlackElo "2007"]
[PlyCount "67"]
[EventDate "2013.03.28"]
[EventType "swiss"]
[EventRounds "9"]
[EventCountry "AUS"]
[SourceTitle "EXT 2023"]
[Source "ChessBase"]
[SourceDate "2022.10.05"]
[SourceVersion "1"]
[SourceVersionDate "2022.10.05"]
[SourceQuality "1"]

1. e4 c5 2. c3 Nf6 3. e5 Nd5 4. d4 cxd4 5. Nf3 e6 6. cxd4 d6 7. Nc3 Nxc3 8. bxc3 dxe5 9. Nxe5 Bd6 10. Bf4 0-0 11. Bd3 Qc7 12. Qc2 f5 13. 0-0 Nc6 14. Rfe1 b6 15. Rac1 Bb7 16. Qe2 g5 17. Bxg5 Nxe5 18. dxe5 Bc5 19. Qh5 Qc6 20. Qh3 Rf7 21. Bf6 Be7 22. Bxe7 Rxe7 23. Re3 Kh8 24. Rg3 Rg8 25. Rxg8+ Kxg8 26. Bf1 Qd5 27. Re1 Rg7 28. Re3 h6 29. Rd3 Qxe5 30. Qxh6 Bd5 31. c4 Rh7 32. Qg6+ Kh8 33. Qe8+ Kg7 34. Rg3+ 1-0

[Event "Australian op"]
[Site "Cammeray"]
[Date "2013.01.08"]
[Round "7"]
[White "Bishop, Joshua"]
[Black "Loh, Zachary"]
[Result "0-1"]
[WhiteElo "1835"]
[BlackElo "1945"]
[PlyCount "94"]
[EventDate "2013.01.02"]
[EventType "swiss"]
[EventRounds "11"]
[EventCountry "AUS"]
[SourceTitle "CBM 152 Extra"]
[Source "ChessBase"]
[SourceDate "2013.02.25"]
[SourceVersion "1"]
[SourceVersionDate "2013.02.25"]
[SourceQuality "1"]

1. e4 c6 2. d4 d5 3. exd5 cxd5 4. c4 Nf6 5. Nc3 e6 6. Nf3 Bb4 7. cxd5 Nxd5 8. Bd2 Nc6 9. Rc1 Be7 10. Bd3 Bf6 11. Ne2 0-0 12. 0-0 Nce7 13. Ng5 g6 14. Nf3 Bg7 15. Bg5 Qb6 16. Qd2 Nf5 17. Bb1 Bd7 18. Rfd1 Bc6 19. Ne5 Nxd4 20. Qxd4 Qxd4 21. Nxd4 Bxe5 22. Nxc6 bxc6 23. b3 Rac8 24. Rc4 c5 25. Rdc1 Bd4 26. Be4 Rb8 27. Bd2 Nb6 28. R4c2 f5 29. Bf3 e5 30. Bg5 e4 31. Be2 Rb7 32. Bf4 Rd8 33. Ba6 Rg7 34. Bh6 Rf7 35. Bg5 Rd6 36. Bf4 Re6 37. a4 Nd5 38. Bc4 Nxf4 39. g3 e3 40. gxf4 exf2+ 41. Kf1 Re4 42. Bxf7+ Kxf7 43. Rc4 Rxf4 44. b4 cxb4 45. Rxb4 Rg4 46. Ke2 Re4+ 47. Kf1 Re1+ 0-1

[Event "AUS-ch Reserves"]
[Site "Geelong"]
[Date "2011.12.30"]
[Round "4"]
[White "Stead, Kerry"]
[Black "Bishop, Joshua"]
[Result "1-0"]
[WhiteElo "2023"]
[BlackElo "1795"]
[PlyCount "83"]
[EventDate "2011.12.27"]
[EventType "swiss"]
[EventRounds "11"]
[EventCountry "AUS"]
[SourceTitle "EXT 2023"]
[Source "ChessBase"]
[SourceDate "2022.10.05"]
[SourceVersion "1"]
[SourceVersionDate "2022.10.05"]
[SourceQuality "1"]

1. d4 Nf6 2. Bg5 Ne4 3. Bf4 d5 4. f3 Nf6 5. e4 dxe4 6. Nc3 Bf5 7. fxe4 Nxe4 8. Qf3 Nxc3 9. bxc3 Bxc2 10. Qxb7 Nd7 11. Bb5 Rb8 12. Bxd7+ Kxd7 13. Qxa7 Be4 14. Nf3 Bxf3 15. gxf3 Rb6 16. 0-0 Qb8 17. Qxb8 Rxb8 18. a4 Ra8 19. Rfb1 e6 20. c4 Bd6 21. Bd2 Ra6 22. c5 Be7 23. Kf2 Rha8 24. a5 Kc6 25. Ke3 Kd5 26. Kd3 e5 27. dxe5 Bxc5 28. Bc3 Rh6 29. Rb2 Rh3 30. Rf1 Ra6 31. Rg2 g6 32. Rb2 Ra7 33. Rb5 c6 34. Rxc5+ Kxc5 35. Bd4+ Kb5 36. Bxa7 Kxa5 37. Rf2 Rh5 38. Ke4 Kb5 39. Be3 Rf5 40. Rc2 h5 41. h4 f6 42. f4 1-0

[Event "Oceania zt"]
[Site "Rotorua"]
[Date "2011.01.28"]
[Round "6"]
[White "Bishop, Joshua"]
[Black "Ogada Osir, Ibrahim"]
[Result "0-1"]
[WhiteElo "1797"]
[BlackElo "2152"]
[PlyCount "63"]
[EventDate "2011.01.25"]
[EventType "swiss"]
[EventRounds "9"]
[EventCountry "NZL"]
[SourceTitle "CBM 140 Extra"]
[Source "ChessBase"]
[SourceDate "2011.03.01"]
[SourceVersion "1"]
[SourceVersionDate "2011.03.01"]
[SourceQuality "1"]

1. e4 b6 2. d4 Bb7 3. Nc3 e6 4. Nf3 Nf6 5. Bg5 Be7 6. Bd3 h6 7. Bf4 c5 8. Qe2 cxd4 9. Nxd4 Nc6 10. Nxc6 Bxc6 11. Nb5 d6 12. 0-0-0 e5 13. Be3 a6 14. Nc3 b5 15. f4 b4 16. Nb1 Qa5 17. fxe5 dxe5 18. Bf2 0-0 19. g4 Qxa2 20. h4 b3 21. c3 Nxg4 22. Qxg4 f5 23. exf5 Bxh1 24. Rxh1 Rad8 25. f6 Rxf6 26. Rg1 Bf8 27. Bc4+ Kh8 28. Bc5 g6 29. Qe4 Bxc5 30. Rxg6 Rxg6 31. Qxg6 Be3+ 32. Nd2 0-1

[Event "Oceania zt"]
[Site "Rotorua"]
[Date "2011.01.27"]
[Round "4"]
[White "Shaw, Robin A"]
[Black "Bishop, Joshua"]
[Result "0-1"]
[WhiteElo "1903"]
[BlackElo "1797"]
[PlyCount "54"]
[EventDate "2011.01.25"]
[EventType "swiss"]
[EventRounds "9"]
[EventCountry "NZL"]
[SourceTitle "CBM 140 Extra"]
[Source "ChessBase"]
[SourceDate "2011.03.01"]
[SourceVersion "1"]
[SourceVersionDate "2011.03.01"]
[SourceQuality "1"]

1. e4 c5 2. d4 cxd4 3. c3 dxc3 4. Nxc3 Nc6 5. Nf3 d6 6. Bc4 e6 7. 0-0 Be7 8. Qe2 Nf6 9. Rd1 e5 10. h3 0-0 11. Be3 a6 12. Nd5 Nxd5 13. exd5 Nb8 14. Rac1 Bf5 15. a4 a5 16. Rc3 Nd7 17. Bd3 e4 18. Bg5 Bxg5 19. Nxg5 Qxg5 20. Bxe4 Rfe8 21. Rg3 Qf6 22. Re3 Bxe4 23. Rxe4 Rxe4 24. Qxe4 Nc5 25. Qe2 Qe5 26. Qb5 h6 27. Kf1 Qh2 0-1

[Event "Oceania zt"]
[Site "Rotorua"]
[Date "2011.01.26"]
[Round "2"]
[White "Smerdon, David"]
[Black "Bishop, Joshua"]
[Result "1-0"]
[WhiteElo "2531"]
[BlackElo "1797"]
[PlyCount "77"]
[EventDate "2011.01.25"]
[EventType "swiss"]
[EventRounds "9"]
[EventCountry "NZL"]
[SourceTitle "CBM 140 Extra"]
[Source "ChessBase"]
[SourceDate "2011.03.01"]
[SourceVersion "1"]
[SourceVersionDate "2011.03.01"]
[SourceQuality "1"]

1. e4 c5 2. c3 d5 3. exd5 Qxd5 4. d4 Nf6 5. Nf3 Bg4 6. dxc5 Qxd1+ 7. Kxd1 e5 8. b4 e4 9. h3 Bh5 10. g4 Nxg4 11. hxg4 Bxg4 12. Nbd2 exf3 13. Bd3 Nc6 14. Re1+ Kd7 15. Nc4 f6 16. b5 Nd8 17. Be3 Ne6 18. c6+ bxc6 19. bxc6+ Kc7 20. Rb1 Rb8 21. Rxb8 Kxb8 22. Kc2 Bc5 23. Rb1+ Kc8 24. Rb5 Bxe3 25. Nxe3 h5 26. Nxg4 hxg4 27. Bf5 Re8 28. Bxg4 Kc7 29. Bxf3 Rb8 30. Ra5 Kb6 31. Ra4 Ng5 32. Bd5 a5 33. Rc4 Kc7 34. f4 Nh3 35. Re4 Kd6 36. c4 f5 37. Re6+ Kc5 38. c7 Rc8 39. Rc6+ 1-0

[Event "Doeberl Cup Major 48th"]
[Site "Canberra"]
[Date "2010.04.05"]
[Round "7"]
[White "Bishop, Joshua"]
[Black "Vujasin, Nikola"]
[Result "1-0"]
[WhiteElo "1406"]
[BlackElo "1680"]
[PlyCount "35"]
[EventDate "2010.04.02"]
[EventType "swiss"]
[EventRounds "7"]
[EventCountry "AUS"]
[SourceTitle "EXT 2012"]
[Source "ChessBase"]
[SourceDate "2011.11.24"]
[SourceVersion "1"]
[SourceVersionDate "2011.11.24"]
[SourceQuality "1"]

1. e4 c5 2. c3 d5 3. exd5 Qxd5 4. d4 Nf6 5. Nf3 cxd4 6. cxd4 e6 7. Nc3 Bb4 8. Qa4+ Nc6 9. Bb5 Bxc3+ 10. bxc3 Qe4+ 11. Be2 Bd7 12. Qd1 0-0 13. 0-0 Ne7 14. Bg5 Ng6 15. Bd3 Qc6 16. Ne5 Nxe5 17. dxe5 Ne4 18. Bxe4 1-0

[Event "Doeberl Cup Major 48th"]
[Site "Canberra"]
[Date "2010.04.04"]
[Round "5"]
[White "Bishop, Joshua"]
[Black "Boyce, Jamie"]
[Result "1/2-1/2"]
[WhiteElo "1406"]
[BlackElo "1856"]
[PlyCount "86"]
[EventDate "2010.04.02"]
[EventType "swiss"]
[EventRounds "7"]
[EventCountry "AUS"]
[SourceTitle "EXT 2012"]
[Source "ChessBase"]
[SourceDate "2011.11.24"]
[SourceVersion "1"]
[SourceVersionDate "2011.11.24"]
[SourceQuality "1"]

1. e4 c6 2. d4 d5 3. exd5 cxd5 4. c4 e6 5. Nc3 Nc6 6. Nf3 Nf6 7. Bg5 Be7 8. cxd5 Nxd5 9. Nxd5 Qxd5 10. Bxe7 Nxe7 11. Bd3 0-0 12. 0-0 Bd7 13. Rc1 Rac8 14. Qe2 Qh5 15. Qd2 Bb5 16. Qa5 a6 17. Bxb5 Qxb5 18. Qxb5 axb5 19. Rc5 Rxc5 20. dxc5 b4 21. Rd1 Nd5 22. Ne5 Ra8 23. Ra1 f6 24. Nd3 e5 25. f3 Ra4 26. Kf2 Kf7 27. Ke2 Ke6 28. Kd2 b3 29. a3 Rd4 30. g3 Nc7 31. Rc1 Kd5 32. Ke3 Na6 33. Rc3 Rc4 34. Rxb3 Kc6 35. Rb6+ Kc7 36. Rb5 Kc6 37. Rb6+ Kc7 38. Nb4 Nxc5 39. Nd5+ Kb8 40. Nc3 Kc7 41. Nd5+ Kb8 42. Nc3 Kc7 43. Nd5+ Kb8 1/2-1/2

[Event "AUS-ch U18"]
[Site "Sandy Bay"]
[Date "2010.01.18"]
[Round "5"]
[White "Bretag, Lawrence"]
[Black "Bishop, Joshua"]
[Result "0-1"]
[WhiteElo "1609"]
[BlackElo "1333"]
[PlyCount "131"]
[EventDate "2010.01.14"]
[EventType "swiss"]
[EventRounds "11"]
[EventCountry "AUS"]
[SourceTitle "EXT 2011"]
[Source "ChessBase"]
[SourceDate "2010.11.26"]
[SourceVersion "1"]
[SourceVersionDate "2010.11.26"]
[SourceQuality "1"]

1. e4 c5 2. Nf3 a6 3. Nc3 b5 4. d4 e6 5. dxc5 Bxc5 6. Bd3 Bb7 7. Qe2 Nc6 8. a3 Nge7 9. Nd1 0-0 10. b4 Nd4 11. Nxd4 Bxd4 12. c3 Ba7 13. 0-0 Rc8 14. a4 Bb8 15. axb5 axb5 16. Bxb5 f5 17. Ba6 Qc7 18. f4 fxe4 19. Kh1 Nd5 20. Bxb7 Qxb7 21. Qxe4 Qb5 22. Kg1 Nxc3 23. Nxc3 Rxc3 24. Bd2 Rc4 25. Ra5 Qb6+ 26. Qe3 Rxb4 27. Qxb6 Rxb6 28. Ra8 Bd6 29. Ra7 Bc5+ 30. Kh1 d5 31. Rc7 Bb4 32. Be3 Rbb8 33. Bd4 Rf7 34. Rfc1 Bf8 35. g3 Rb1 36. Kg2 Rxc1 37. Rxc1 Rd7 38. Rc6 Kf7 39. Kf3 Be7 40. h4 h5 41. Ke3 Rb7 42. Kd3 Rb3+ 43. Rc3 Rxc3+ 44. Bxc3 Bf6 45. Bd2 Kg6 46. Ke2 Kf5 47. Kf3 e5 48. fxe5 Bxe5 49. Bb4 d4 50. Bf8 d3 51. Bb4 Ke6 52. g4 hxg4+ 53. Kxg4 Kd5 54. Kf3 Kc4 55. Bd2 Kb3 56. Ke4 Kc2 57. Bg5 Bc3 58. Kf5 Bb2 59. Kg6 Bc1 60. Bxc1 Kxc1 61. Kxg7 d2 62. h5 d1Q 63. h6 Qd7+ 64. Kh8 Qd8+ 65. Kg7 Qg5+ 66. Kh7 0-1